| 000 | 00724nam 22002173 4500 | ||
|---|---|---|---|
| 001 | 199246 | ||
| 090 | _a199246 | ||
| 100 | _a20251125d u||y0pory50 ba | ||
| 101 | _apor | ||
| 200 |
_aSobre o Conceito de Consciência de Classe _fGeorg Lukacs e Adam Schaff _gTradução e revisão de Patrícia Boanova e M. Amaral |
||
| 205 | _a3ª | ||
| 210 |
_aPorto _cPublicações Escorpião _d1978 |
||
| 215 |
_a81, [3] p. _cBrochado _d18 cm |
||
| 225 |
_aCadernos O Homem e a Sociedade _v2 |
||
| 606 |
_911629 _aCiências Sociais |
||
| 675 |
_a304.4/LUK/SOB _vPT _zpor |
||
| 700 |
_915142 _aLukacs _bGeorg |
||
| 701 |
_97120 _aSchaff _bAdam _f1913-2006 |
||
| 801 |
_aPT _bBMMN _gRPC |
||
| 830 |
_cCarlos Pinto _d25-11-2025 _fCarlos Pinto |
||
| 990 | _cLIVROS | ||